000
00336 a2200157 4500
001
48362
020
_a
9788573198744
040
_c
Anchieta - Bela Vista
100
_a
França, Mary
240
1
0
_a
Luís e Luísa
_l
por
245
1
0
_a
Luís e Luísa
300
_a
12 p.
362
0
_a
2013
650
4
_a
Literatura infantil
942
_c
BK
999
_c
48362
_d
48362